|
|
|
|
| LEADER |
08735nam a2200745 a 4500 |
| 001 |
00024627 |
| 008 |
120229s2011 ii a 001 0 eng d |
| 020 |
|
|
|a 9780198072072
|
| 020 |
|
|
|a 0198072074
|
| 040 |
|
|
|a BD-DhAAL
|c BD-DhAAL
|
| 082 |
0 |
0 |
|a 658.15
|2 22
|
| 100 |
1 |
|
|a Srivastava, Rajiv.
|
| 245 |
1 |
0 |
|a Financial management /
|c Rajiv Srivastava, Anil Misra
|
| 250 |
|
|
|a 2nd ed.
|
| 260 |
|
|
|a New Delhi :
|b Oxford University Press,
|c 2011.
|
| 300 |
|
|
|a xiv, 816 p. :
|b ill. ;
|c 28 cm. + 1 CD-ROM (4 3/4 in.).
|
| 490 |
1 |
|
|a Oxford higher education.
|
| 504 |
|
|
|a Includes index..
|
| 541 |
1 |
|
|e 00024627
|
| 650 |
|
0 |
|a Business enterprises
|x Finance
|v Textbooks
|
| 650 |
|
0 |
|a Corporations
|x Finance
|v Textbooks.
|
| 700 |
1 |
|
|a Misra, Anil.
|
| 852 |
1 |
|
|a Ayesha Abed Library
|j General shelf
|
| 942 |
0 |
0 |
|0 3
|
| 999 |
|
|
|c 11932
|d 11932
|
| 952 |
|
|
|0 0
|1 0
|4 0
|6 658_150000000000000_SRI
|7 0
|9 19530
|a BRACUL
|b BRACUL
|c GEN
|d 2012-02-29
|e Greenway Trade International
|g 1303.00
|l 3
|m 5
|o 658.15 SRI
|p 3010024627
|r 2023-09-11
|s 2023-08-23
|t 1
|w 2012-02-29
|y BK
|
| 952 |
|
|
|0 0
|1 0
|4 0
|6 658_150000000000000_SRI
|7 0
|9 19531
|a SCL
|b SCL
|c GEN
|d 2012-02-29
|e Greenway Trade International
|g 1303.00
|l 2
|m 4
|o 658.15 SRI
|p 3010024628
|r 2015-12-17
|s 2015-12-01
|t 2
|w 2012-02-29
|y BK
|x Transferred from BRACUL to SCL on 08/08/22
|
| 952 |
|
|
|0 0
|1 0
|4 0
|6 658_150000000000000_SRI
|7 0
|9 19532
|a BRACUL
|b BRACUL
|c GEN
|d 2012-02-29
|e Greenway Trade International
|g 1303.00
|l 1
|m 11
|o 658.15 SRI
|p 3010024629
|r 2016-01-20
|s 2015-10-28
|t 3
|w 2012-02-29
|y BK
|
| 952 |
|
|
|0 0
|1 0
|4 0
|6 658_150000000000000_SRI
|7 0
|9 19533
|a BRACUL
|b BRACUL
|c GEN
|d 2012-02-29
|e Greenway Trade International
|g 1303.00
|l 0
|o 658.15 SRI
|p 3010024630
|r 2012-02-29
|t 4
|w 2012-02-29
|y BK
|
| 952 |
|
|
|0 0
|1 0
|4 0
|6 658_150000000000000_SRI
|7 0
|9 19534
|a BRACUL
|b BRACUL
|c GEN
|d 2012-02-29
|e Greenway Trade International
|g 1303.00
|l 1
|o 658.15 SRI
|p 3010024631
|r 2018-04-10
|s 2018-04-08
|t 5
|w 2012-02-29
|y BK
|
| 952 |
|
|
|0 0
|1 0
|4 0
|6 658_150000000000000_SRI
|7 0
|9 19535
|a SCL
|b SCL
|c GEN
|d 2012-02-29
|e Greenway Trade International
|g 1303.00
|l 4
|o 658.15 SRI
|p 3010024632
|r 2025-08-28
|s 2025-08-28
|t 6
|w 2012-02-29
|y BK
|x Transferred from BRACUL to SCL on 08/08/22
|
| 952 |
|
|
|0 0
|1 0
|4 0
|6 658_150000000000000_SRI
|7 0
|9 19536
|a BRACUL
|b BRACUL
|c GEN
|d 2012-02-29
|e Greenway Trade International
|g 1303.00
|l 3
|m 28
|o 658.15 SRI
|p 3010024633
|r 2017-04-04
|s 2017-02-06
|t 7
|w 2012-02-29
|y BK
|
| 952 |
|
|
|0 0
|1 0
|4 0
|6 658_150000000000000_SRI
|7 0
|9 19537
|a BRACUL
|b BRACUL
|c GEN
|d 2012-02-29
|e Greenway Trade International
|g 1303.00
|l 4
|m 14
|o 658.15 SRI
|p 3010024634
|r 2025-05-24
|s 2025-05-23
|t 8
|w 2012-02-29
|y BK
|
| 952 |
|
|
|0 0
|1 0
|4 0
|6 658_150000000000000_SRI
|7 0
|9 19538
|a BRACUL
|b BRACUL
|c GEN
|d 2012-02-29
|e Greenway Trade International
|g 1303.00
|l 3
|m 15
|o 658.15 SRI
|p 3010024635
|r 2023-03-14
|s 2023-03-02
|t 9
|w 2012-02-29
|y BK
|
| 952 |
|
|
|0 0
|1 0
|4 0
|6 658_150000000000000_SRI
|7 0
|9 19539
|a BRACUL
|b BRACUL
|c GEN
|d 2012-02-29
|e Greenway Trade International
|g 1303.00
|l 0
|o 658.15 SRI
|p 3010024636
|r 2012-02-29
|t 10
|w 2012-02-29
|y BK
|
| 952 |
|
|
|0 0
|1 0
|4 0
|6 658_150000000000000_SRI
|7 0
|9 19540
|a BRACUL
|b BRACUL
|c GEN
|d 2012-02-29
|e Greenway Trade International
|g 1303.00
|l 1
|m 11
|o 658.15 SRI
|p 3010024637
|r 2025-01-12
|s 2024-10-22
|t 11
|w 2012-02-29
|y BK
|
| 952 |
|
|
|0 0
|1 0
|4 0
|6 658_150000000000000_SRI
|7 0
|9 19541
|a BRACUL
|b BRACUL
|c GEN
|d 2012-02-29
|e Greenway Trade International
|g 1303.00
|l 0
|o 658.15 SRI
|p 3010024638
|r 2012-02-29
|t 12
|w 2012-02-29
|y BK
|
| 952 |
|
|
|0 0
|1 0
|4 0
|6 658_150000000000000_SRI
|7 0
|9 19542
|a BRACUL
|b BRACUL
|c GEN
|d 2012-02-29
|e Greenway Trade International
|g 1303.00
|l 0
|o 658.15 SRI
|p 3010024639
|r 2012-02-29
|t 13
|w 2012-02-29
|y BK
|
| 952 |
|
|
|0 0
|1 0
|4 0
|6 658_150000000000000_SRI
|7 0
|9 19543
|a SCL
|b SCL
|c GEN
|d 2012-02-29
|e Greenway Trade International
|g 1303.00
|l 2
|m 12
|o 658.15 SRI
|p 3010024640
|r 2014-06-28
|s 2014-06-10
|t 14
|w 2012-02-29
|y BK
|x Transferred from BRACUL to SCL on 08/08/22
|
| 952 |
|
|
|0 0
|1 0
|4 0
|6 658_150000000000000_SRI
|7 0
|9 19544
|a BRACUL
|b BRACUL
|c GEN
|d 2012-02-29
|e Greenway Trade International
|g 1303.00
|l 4
|m 30
|o 658.15 SRI
|p 3010024641
|r 2025-09-17
|s 2025-09-07
|t 15
|w 2012-02-29
|y BK
|
| 952 |
|
|
|0 0
|1 0
|4 0
|6 658_150000000000000_SRI
|7 0
|9 19545
|a SCL
|b SCL
|c GEN
|d 2012-02-29
|e Greenway Trade International
|g 1303.00
|l 2
|m 2
|o 658.15 SRI
|p 3010024642
|r 2019-01-28
|s 2019-01-21
|t 16
|w 2012-02-29
|y BK
|x Transferred from BRACUL to SCL on 08/08/22
|
| 952 |
|
|
|0 0
|1 0
|4 0
|6 658_150000000000000_SRI
|7 0
|9 19546
|a BRACUL
|b BRACUL
|c GEN
|d 2012-02-29
|e Greenway Trade International
|g 1303.00
|l 1
|m 4
|o 658.15 SRI
|p 3010024643
|r 2015-04-18
|s 2015-03-31
|t 17
|w 2012-02-29
|y BK
|
| 952 |
|
|
|0 0
|1 0
|4 0
|6 658_150000000000000_SRI
|7 0
|9 19547
|a BRACUL
|b BRACUL
|c GEN
|d 2012-02-29
|e Greenway Trade International
|g 1303.00
|l 2
|m 4
|o 658.15 SRI
|p 3010024644
|r 2016-01-16
|s 2015-12-19
|t 18
|w 2012-02-29
|y BK
|
| 952 |
|
|
|0 0
|1 0
|4 0
|6 658_150000000000000_SRI
|7 0
|9 19548
|a BRACUL
|b BRACUL
|c GEN
|d 2012-02-29
|e Greenway Trade International
|g 1303.00
|l 2
|m 5
|o 658.15 SRI
|p 3010024645
|r 2024-03-05
|s 2024-02-07
|t 19
|w 2012-02-29
|y BK
|
| 952 |
|
|
|0 0
|1 0
|2 ddc
|4 0
|6 658_150000000000000_SRI
|7 0
|9 19549
|a BRACUL
|b BRACUL
|c GEN
|d 2012-02-29
|e Greenway Trade International
|g 1303.00
|l 3
|o 658.15 SRI
|p 3010024646
|r 2026-03-01
|s 2026-02-23
|t 20
|w 2012-02-29
|y BK
|
| 952 |
|
|
|0 0
|1 0
|2 ddc
|4 0
|6 658_150000000000000_SRI
|7 0
|9 19550
|a BRACUL
|b BRACUL
|c AV
|d 2012-02-29
|e Greenway Trade International
|l 0
|o 658.15 SRI
|p 4010024627
|r 2012-02-29
|t 1
|w 2012-02-29
|y AV
|
| 952 |
|
|
|0 0
|1 0
|2 ddc
|4 0
|6 658_150000000000000_SRI
|7 0
|9 19551
|a BRACUL
|b BRACUL
|c AV
|d 2012-02-29
|e Greenway Trade International
|l 0
|o 658.15 SRI
|p 4010024628
|r 2012-02-29
|t 2
|w 2012-02-29
|y AV
|
| 952 |
|
|
|0 0
|1 0
|2 ddc
|4 0
|6 658_150000000000000_SRI
|7 0
|9 19552
|a BRACUL
|b BRACUL
|c AV
|d 2012-02-29
|e Greenway Trade International
|l 1
|o 658.15 SRI
|p 4010024629
|r 2012-09-15
|s 2012-09-15
|t 3
|w 2012-02-29
|y AV
|
| 952 |
|
|
|0 0
|1 0
|2 ddc
|4 0
|6 658_150000000000000_SRI
|7 0
|9 19553
|a BRACUL
|b BRACUL
|c AV
|d 2012-02-29
|e Greenway Trade International
|l 0
|o 658.15 SRI
|p 4010024630
|r 2012-02-29
|t 4
|w 2012-02-29
|y AV
|
| 952 |
|
|
|0 0
|1 0
|2 ddc
|4 0
|6 658_150000000000000_SRI
|7 0
|9 19554
|a BRACUL
|b BRACUL
|c AV
|d 2012-02-29
|e Greenway Trade International
|l 0
|o 658.15 SRI
|p 4010024631
|r 2012-02-29
|t 5
|w 2012-02-29
|y AV
|
| 952 |
|
|
|0 0
|1 0
|2 ddc
|4 0
|6 658_150000000000000_SRI
|7 0
|9 19555
|a BRACUL
|b BRACUL
|c AV
|d 2012-02-29
|e Greenway Trade International
|l 0
|o 658.15 SRI
|p 4010024632
|r 2012-02-29
|t 6
|w 2012-02-29
|y AV
|
| 952 |
|
|
|0 0
|1 0
|2 ddc
|4 0
|6 658_150000000000000_SRI
|7 0
|9 19556
|a BRACUL
|b BRACUL
|c AV
|d 2012-02-29
|e Greenway Trade International
|l 0
|o 658.15 SRI
|p 4010024633
|r 2012-02-29
|t 7
|w 2012-02-29
|y AV
|
| 952 |
|
|
|0 0
|1 0
|2 ddc
|4 0
|6 658_150000000000000_SRI
|7 0
|9 19557
|a BRACUL
|b BRACUL
|c AV
|d 2012-02-29
|e Greenway Trade International
|l 0
|o 658.15 SRI
|p 4010024634
|r 2012-02-29
|t 8
|w 2012-02-29
|y AV
|
| 952 |
|
|
|0 0
|1 0
|2 ddc
|4 0
|6 658_150000000000000_SRI
|7 0
|9 19558
|a BRACUL
|b BRACUL
|c AV
|d 2012-02-29
|e Greenway Trade International
|l 0
|o 658.15 SRI
|p 4010024635
|r 2012-02-29
|t 9
|w 2012-02-29
|y AV
|
| 952 |
|
|
|0 0
|1 0
|2 ddc
|4 0
|6 658_150000000000000_SRI
|7 0
|9 19559
|a BRACUL
|b BRACUL
|c AV
|d 2012-02-29
|e Greenway Trade International
|l 0
|o 658.15 SRI
|p 4010024636
|r 2012-02-29
|t 10
|w 2012-02-29
|y AV
|
| 952 |
|
|
|0 0
|1 0
|2 ddc
|4 0
|6 658_150000000000000_SRI
|7 0
|9 19560
|a BRACUL
|b BRACUL
|c AV
|d 2012-02-29
|e Greenway Trade International
|l 0
|o 658.15 SRI
|p 4010024637
|r 2012-02-29
|t 11
|w 2012-02-29
|y AV
|
| 952 |
|
|
|0 0
|1 0
|2 ddc
|4 0
|6 658_150000000000000_SRI
|7 0
|9 19561
|a BRACUL
|b BRACUL
|c AV
|d 2012-02-29
|e Greenway Trade International
|l 1
|o 658.15 SRI
|p 4010024638
|r 2012-05-13
|s 2012-05-10
|t 12
|w 2012-02-29
|y AV
|
| 952 |
|
|
|0 0
|1 0
|2 ddc
|4 0
|6 658_150000000000000_SRI
|7 0
|9 19562
|a BRACUL
|b BRACUL
|c AV
|d 2012-02-29
|e Greenway Trade International
|l 0
|o 658.15 SRI
|p 4010024639
|r 2012-02-29
|t 13
|w 2012-02-29
|y AV
|
| 952 |
|
|
|0 0
|1 0
|2 ddc
|4 0
|6 658_150000000000000_SRI
|7 0
|9 19563
|a BRACUL
|b BRACUL
|c AV
|d 2012-02-29
|e Greenway Trade International
|l 0
|o 658.15 SRI
|p 4010024640
|r 2012-02-29
|t 14
|w 2012-02-29
|y AV
|
| 952 |
|
|
|0 0
|1 0
|2 ddc
|4 0
|6 658_150000000000000_SRI
|7 0
|9 19564
|a BRACUL
|b BRACUL
|c AV
|d 2012-02-29
|e Greenway Trade International
|l 0
|o 658.15 SRI
|p 4010024641
|r 2012-02-29
|t 15
|w 2012-02-29
|y AV
|
| 952 |
|
|
|0 0
|1 0
|2 ddc
|4 0
|6 658_150000000000000_SRI
|7 0
|9 19565
|a BRACUL
|b BRACUL
|c AV
|d 2012-02-29
|e Greenway Trade International
|l 0
|o 658.15 SRI
|p 4010024642
|r 2012-02-29
|t 16
|w 2012-02-29
|y AV
|
| 952 |
|
|
|0 0
|1 4
|2 ddc
|4 0
|6 658_150000000000000_SRI
|7 0
|9 19566
|a BRACUL
|b BRACUL
|c AV
|d 2012-02-29
|e Greenway Trade International
|l 0
|o 658.15 SRI
|p 4010024643
|r 2012-02-29
|t 17
|w 2012-02-29
|y AV
|x Koha Inventory 2020
|
| 952 |
|
|
|0 0
|1 0
|2 ddc
|4 0
|6 658_150000000000000_SRI
|7 0
|9 19567
|a BRACUL
|b BRACUL
|c AV
|d 2012-02-29
|e Greenway Trade International
|l 0
|o 658.15 SRI
|p 4010024644
|r 2012-02-29
|t 18
|w 2012-02-29
|y AV
|
| 952 |
|
|
|0 0
|1 0
|2 ddc
|4 0
|6 658_150000000000000_SRI
|7 0
|9 19568
|a BRACUL
|b BRACUL
|c AV
|d 2012-02-29
|e Greenway Trade International
|l 0
|o 658.15 SRI
|p 4010024645
|r 2012-02-29
|t 19
|w 2012-02-29
|y AV
|
| 952 |
|
|
|0 0
|1 0
|2 ddc
|4 0
|6 658_150000000000000_SRI
|7 0
|9 19569
|a BRACUL
|b BRACUL
|c AV
|d 2012-02-29
|e Greenway Trade International
|l 0
|o 658.15 SRI
|p 4010024646
|r 2012-02-29
|t 20
|w 2012-02-29
|y AV
|